000
00314nam a2200145Ia 4500
100
_a
Peel/Malcom/ Lamb/Jon
942
_c
BK
654
_a
presentation
245
_a
Presentation in a week
260
_b
Hadder and Stoughton
_c
2002
082
_a
658.452
_b
PEE
300
_a
96
546
_a
ENGLISH
999
_c
25153
_d
25153